Schwerste Fragen der Länder-Quizze - Statistiken

Allgemein
  • Dieses Quiz wurde 27 mal gespielt
  • Das Durchschnittsergebnis liegt bei 2 aus 20
Antwortstatistiken
Land Frage Antwort % Korrekt
Ruanda Zoologin, die die Berggorillas erforschte und 1985 unter mysteriösen Bedingungen ermordet wurde Dian Fossey
100%
Portugal Ehemalige Währung Escudo
100%
Jamaika Gewürzmischung aus Piment, Scotch-Bonnet-Chili und andere Jerk
100%
Schweden Die Schwedische Kirche gehört zu dieser reformierten Branche Lutherisch
100%
Rumänien Letzter König Rumäniens, 1947 von den Sowjets aus Rumänien exiliert Michael
100%
USA Größter See, der an die USA grenzt Oberer See
100%
Somalia Ehemaliges Reich um den Norden Somalias, das ein wichtiger Handelspartner von Ägypten war Punt
100%
Tadschikistan "R" Wort, das die Geldüberweisungen von Migranten in ihrem Heimatsland bezeichnen (diese machen 47% des BIP von Tadschikistan aus) Remissen
100%
Slowakei Gewaltlose Revolution, die 1989 das Ende des kommunistischen Regimes bedeutete {Samtene} Revolution
100%
Monaco Name des Fußballstadions von AS Monaco, benannt nach einem ehemaligen Monarchen Stade {Louis} {II}
100%
Mongolei Geburtsname des Gründers und ehemaligen Herrschers des mongolischen Reiches Temüdschin
100%
Kuba Bekanntester Nachtclub der Hauptstadt (Anfangsbuchstabe T) Tropicana
100%
Estland Größte und älteste Universität Universität Tartu
100%
Vereinigtes Königreich Höchster Berg Ben Nevis
67%
Finnland Langstreckenläufer und neunfacher Olympiasieger, 1920-28 Paavo Nurmi
67%
Niederlande Zurückgewonnenes Land durch Deiche Polder
67%
Thailand Meer westlich von Thailand Andamanensee
50%
Taiwan Regisseur aus Taiwan, bekannt für Brokeback Mountain und Life of Pi Ang Lee
50%
Ägypten Friedenssuchender Präsident, der 1981 ermordet wurde Anwar el-Sadat
50%
Algerien Bischof von Hippo Regius, der Confessiones verfasste Augustinus
50%
Antigua und Barbuda Nachname der Vater-Sohn Premierminister Vere und Lester Bird
50%
Mexiko Reichster Mann Carlos Slim
50%
Ecuador Antimalaria-Mittel aus Cinchona hergestellt, Nationalbaum von Ecuador Chinin
50%
Portugal Kolonie, die 1961 an Indien verloren wurde Goa
50%
Ungarn Spitzname der ungarischen Fußballnationalmannschaft der 1950er Jahren {Goldene} Elf
50%
Marokko Wort mit Anfangsbuchstabe K, das eine ehemalige Militärfestung bezeichnet Kasbah
50%
Madagaskar Amtssprache Malagasy
50%
Montenegro Größter See Südeuropas (nach Fläche) Skutarisee
50%
Polen Letzter König Polens Stanisław II August
50%
Kenia Fester Brei aus Maismehl und Wasser mit relativ schwachem Nährwert Ugali
50%
Kanada Vogel, der auf der kanadischen Dollar-Münze abgebildet ist Eis{taucher}
33%
Grenada Gefährdeter Nationalvogel Grenadas Grenada{taube} Grenada{taube}
33%
Uruguay Spitzname der Fußballmannschaft Uruguays La {Celeste}
33%
Rumänien Kunstturnerin, die bei den Olympischen Spielen von 1976 als erste die Note 10.0 erhielt Nadia Comăneci
33%
Vatikanstadt Begriff für die Amtszeit eines Papstes Pontifikat
33%
Portugal Bekannte Hunderasse Portuguesischer {Wasser}hund
33%
Indonesien Währung von Indonesien Rupiah
33%
Panama Bewäldete Region des Südens von Panama, die keine Straßenverbindungen besitzt Tapón del {Darién}
33%
Kanada Größte Insel (flächenmässig) Baffininsel
25%
Usbekistan Usbekistan ist Teil dieser historischen Region, von der der Name eines zweihöckrigen Kamels stammt Baktrien
25%
Kolumbien Nobelpreisträger und Autor von "100 Jahre Einsamkeit" Gabriel García Márquez
25%
Belgien Maler, der Ihnen sagen wird, dass das keine Pfeife ist René Magritte
25%
El Salvador Zweitgrößte Stadt (eine Heilige) Santa Ana
25%
Indonesien Die beiden ersten Präsidenten Indonesiens (nennen Sie einen der beiden) Sukarno oder Suharto
25%
Slowakei Die Slowakei hat weltweit das größte Verhältnis von diesen Gebäuden pro Kopf Burgen
20%
Niederlande Größte Bank ING
20%
Laos Marinierter Fleischsalat, der als Nationalgericht gilt Larb
20%
Libyen Ehemaliger Name der Hauptstadt (3 Buchstaben, nur Vokale) Oea
20%
Irland Stadt mit einer berühmten Glasmanufaktur Waterford
20%
Afghanistan Autor vom Besteller-Roman "Drachenläufer über die Freundschaft von Amir und Hassan, veröffentlicht 2003 Khaled Hosseini
17%
Kamerun Hochlandregion im Zentrum Kameruns, die von Savannen geprägt ist Adamoua
0%
Sri Lanka Kette von Sandbänken und Inseln, die Indien mit Sri Lanka verbinden {Adams}brücke
0%
Australien Nationalhymne Advance Australia {Fair}
0%
Nigeria Musikstil, der von Fela Kuti initiiert wurde Afrobeat
0%
Komoren Erster Präsident der Komoren, 1989 gestorben Ahmed Abdallah
0%
Ghana Ethnie, zu derer 47.5% der Gesamtbevölkerung angehört Akan
0%
Senegal 1973 geborener U.S. Hip-Hop Musiker mit senegalesischen Wurzeln Akon
0%
Äthiopien Stadt in Äthiopien, die das Zentrum eines Königreiches von 100 - 940 n. Chr. war Aksum
0%
Peru Ehemaliger Präsident, der wegen Menschenrechtsverletzungen veranklagt wurde und nach Japan floh Alberto Fujimori
0%
Elfenbeinküste Erfolgreichster Reggae-Musiker der Elfenbeinküste {Alpha} Blondy
0%
Niederlande Wissenschaftler, der als erster einzellige Organismen betrachten konnte Antoni van Leeuwenhoek
0%
Neuseeland Name Neuseelands in der Sprache Māori Aotearoa
0%
Vatikanstadt Offizielle Residenz der Päpste seit 1377 {Apostolischer} Palast
0%
Polen Art von Wildrind, die 1627 ausstarb Auerochs
0%
Kolumbien Nationale Fluggesellschaft Kolumbiens Avianca
0%
Libanon Stadt, in der sich der Bacchustempel befindet Baalbek
0%
Irland Jammernde Frau der irischen Mythologie Banshee
0%
Angola Ethniegruppierung, die die ursprünglichen San- und Khoi-Völker im ersten Jahrtausend v. Chr. vertrieben Bantu
0%
Libyen Libyen war Teil dieser historischen, von Piraten heimgesuchten Region Berberei
0%
Südkorea Gericht, dessen Name "gemischter Reis" bedeutet Bibimbap
0%
USA Die ersten zehn Zusatzartikel zur US-Verfassung Bill of Rights
0%
Zentralafrikanische Republik Zweitgrößte Stadt der ZAR (Anfangsbuchstabe B) Bimbo
0%
Äthiopien Währung Äthiopiens Birr
0%
Guinea-Bissau Gruppe von 88 Inseln an der Küste von GB Bissagos
0%
Malawi Stadt in Malawi, die nach dem Geburtsort von dem Forscher David Livingstone benannt wurde Blantyre
0%
Laos Wegen des "Geheimen Kriegs" ist Laos angeblich das am meisten ______ Land pro Kopf der Weltgeschichte Bombardierte
0%
Schweden Golf zwischen Schweden und Finnland {Bottnischer} Golf
0%
Indien Höchste Kaste in Religion #1 Brahmanen
0%
Trinidad und Tobago Ehemaliger Cricketspieler (1990-2007), einer der erfolgreichsten der Geschichte dieser Sportart Brian Lara
0%
Senegal Westlichster Punkt von Kontinentalafrika Cap {Vert}
0%
San Marino San Marino wird in 9 Gemeinden unterteilt, die unter dieser administrativen Bezeichnung bekannt sind (Anfangsbuchstabe C) Castelli
0%
Malawi Drei meistverbreitete Ethnien Malawis (nennen Sie eine) Chewa | Lomwe | Yao
0%
Antigua und Barbuda Wichtigste Stadt auf Barbuda {Codring}ton
0%
El Salvador Währung von El Salvador bis 2001 (Tipp: aktuelle Währung eines Lands in Zentralamerika) Colón
0%
Kosovo Königreich, dessen Territorium das heutige Kosovo umfasste, bevor es 28 v. Chr. von Rom erobert wurde Dardanien
0%
Kroatien Römischer Kaiser, der ein Palast in Split bauen liess Diokletian
0%
San Marino Größte Siedlung Dogana
0%
Portugal Fluss und Weinregion Duero
0%
Nordkorea Spitzname für Nordkorea aufgrund seiner politischen Isolation von anderen Ländern {Einsiedler}königreich
0%
Madagaskar Riesenvögel, die ca. 1200 A.D. ausstarben {Elefanten}vögel
0%
Elfenbeinküste Erster Präsident der Elfenbeinküste und wichtige Unabhängigkeitsfigur Félix Hophouët-Boigny
0%
St. Vicent und die Grenadinen Ehemaliges britisches Fort mit Blick auf die Hauptstadt, benannt nach der Frau von König George III Festung {Charlotte}
0%
Kuwait Unter den Ländern mit über 1 Million Einwohnern hat Kuwait mit 37.9% den höchsten Anteil an... Fettleibigkeit
0%
Nordkorea 1978 entführte die Regierung Nordkoreas Shin Sang-ok und seine Frau Choi Eun-hee und zwang ihnen dies zu machen Filme
0%
Benin Meistgesprochene einheimische Sprachen Fon | Yoruba
0%
Kenia Festung in Mombasa, die 1596 von den Portugiesen errichtet wurde Fort {Jesus}
0%
Seychellen "Wohlmeinender Diktator", der die Seychellen 1977–2004 führte France-Albert René
0%
El Salvador Meeresbucht, die am Osten von El Salvador grenzt Golf von {Fonseca}
0%
Senegal Insel in der Nähe der Hauptstadt, die ein Zentrum des transatlantischen Sklavenhandels war Gorée
0%
Paraguay Westparaguay ist Teil dieser semiariden Tieflandregion Gran {Chaco}
0%
Mali G-Wort für ein westafrikanischer Sänger und Dichter Griot
0%
Italien Radiopionier Guglielmo Marconi
0%
Guinea-Bissau Meist gesprochene Sprache Guinea-Bissau Creole Guinea-Bissau Creole
0%
Nepal Begriff für nepalische Soldaten im Dienst der britischen Armee Gurkha
0%
Tunesien Erster Präsident Tunesiens, 1957-1987 Habib {Bourguiba}
0%
Benin Trockener Wind aus der Sahara, der Wüstensand mit sich bringt Harmattan
0%
Singapur Begriff für ein halboffenes Food-Court mit günstigen Mahlzeiten {Hawker} Centre
0%
Costa Rica Echsenspezies, die auf dem Wasser rennen kann {Helm}basilisk
0%
Philippinen Grashügel auf der Insel Bohol, die sich während der Trockenzeit braun färben {Chocolate} Hills
0%
Ägypten Ägyptens erster Doktor und Architekt Imhotep
0%
Irland Bestverkaufender irischer Whiskey Jameson
0%
Pakistan Nationalblume (Hinweis: sie ist weiß) Jasmin
0%
Tunesien Blume, die das Symbol des Arabischen Frühlings ist Jasmin
0%
Schweiz Philosoph, der die Französische Revolution beeinflusst hat Jean-Jacques Rousseau
0%
Finnland Komponist von "Finlandia" Jean Sibelius
0%
Ungarn Ungarisch-amerikanischer Mathematiker, der als einer der intelligentesten Menschen aller Zeiten gilt John von {Neumann}
0%
Singapur Großstadt in Malaysia, die am nächsten von Singapur liegt {Johor} Bahru
0%
Uganda Führer dieser Gruppe Joseph Kony
0%
Nordkorea Offizielle Staatsideologie (Anfangsbuchstabe J oder C) Juche
0%
Kamerun Gebirgskette, in der sich dieser Berg befindet Kamerun{linie}
0%
Taiwan Zweitgrößte Stadt auf Taiwan Kaohsiung
0%
Papua-Neuguinea Währung von PNG Kina
0%
Ruanda Großsee, das an Westruanda grenzt Kiwusee
0%
Costa Rica Insel im Pazifik und angeblicher südlichster Punkt Nordamerikas Kokos-Insel
0%
Nepal Wichtigste politische Partei Kommunistische Partei Nepals
0%
Liberia Zwei zahlreichste Ethnien Liberias (Nennen Sie eine) Kpelle | Bassa
0%
Ghana Bedeutung des Namens « Ghana » {Kriegs}herr
0%
Lettland Lettischer Basketballspieler, der im 2018 NBA all-star Game mitmachte Kristaps {Porziņģis} Kristaps {Porziņģis}
0%
Thailand Name der Hauptstadt auf Thai (Kurzversion) Krung Thep
0%
Laos Berühmte Wasserfälle in der Nähe von der Stadt Luang Prabang {Kuang} Si Fälle
0%
Taiwan Partei des obigen Herrschers, oft als KMT abgekürzt Kuomintang
0%
Malawi Währung von Malawi Kwacha
0%
Ghana Erster Präsident, der Ghana von der Kolonialmacht befreite Kwame Nkrumah
0%
Singapur Premierminister von 1959–1990, oft als « wohlmeinender Diktator » angesehen Lee Kuan-Yew
0%
Senegal Dichter, der Senegals erster Präsident war, 1960-80 Léopold Sédar Senghor
0%
Peru Maoistische Guerrillaorganisation, die in den 1980er Peru terrorisierte {Leuchtender} Pfad
0%
Lettland Ausgestorbene Sprache seit 2013 (Anfangsbuchstabe L) Livisch
0%
Uganda Terrorgruppe, die minderjährige Soldaten anstellt {Lord}'s Resistance Army
0%
Angola Zweitgrößte Stadt Lubango
0%
Bahamas Inselgruppe, die die Bahamas und das obige Territorium umfasst (Anfangsbuchstabe L) Lucayen
0%
Mexiko Mexikanischer Begriff für Profi-Wrestling {Lucha} Libre
0%
Island Kleiner Meeresvogel mit orangem Schnabel, der manchmal als Speise serviert wird Lund
0%
Norwegen Traditionelles Gericht aus in Lauge gewässertem Fisch Lutefisk
0%
Kolumbien Längster Fluss (innerhalb Kolumbiens) Magdalena
0%
Zypern Bischof und erster Präsident von Zypern, 1960-1977 Makarios III
0%
Mosambik Drei meistverbreitete Ethnien Mosambiks (Nennen Sie eine) Makua | Tsonga | Yao Makua | Tsonga | Yao
0%
Kirgisistan Epos über die Entstehung der kirgisischen Völker - angeblich vor über 1'000 Jahren geschrieben und 20 mal länger als die Odyssee von Homer {Manas}-Epos
0%
Libanon Größte christliche Gemeinschaft Libanons {Maronitische} Kirche
0%
Suriname Begriff für die Nachfahren von geflohenen Sklaven aus Afrika (Anfangsbuchstabe M) Maroons
0%
Slowakei Slovakisch-geborene Tennispielerin, die 5 Grand-Slam-Titeln gewann Martina Hingis
0%
Ecuador Leguanart, die endemisch von diesen Inseln ist {Meer}echse
0%
Guatemala Menschenrechtsaktivistin, die 1992 den Friedensnobelpreis gewann Rigoberta {Menchú}
0%
Äthiopien Kaiser, der 1886 die Hauptstadt gründete und zur Modernisierung Äthiopiens beitrug Menelik II.
0%
Singapur Wasserspuckende Statue und Wahrzeichen Singapurs Merlion
0%
Schweden Krimiserie mit Hauptfigur Lisbeth Salander Millennium
0%
Neuseeland Flugunfähiger Vogel, der um das 15. Jahrhundert zum Aussterben gejagt wurde Moa
0%
Mexiko Chilisauce, die oft mit ungesüßter Schokolade vorbereitet wird Mole
0%
Burkina Faso Am meisten gesprochene Sprache (Anfangsbuchstabe M) Mossi
0%
Uganda Höchster Berg, benannt nach einem britischen Entdecker Mount Stanley
0%
Thailand Nationalsport Muay Thai
0%
Pakistan Der Gründer Pakistan Muhammad Ali Jinnah
0%
Nigeria Währung Naira
0%
Äthiopien Titel des Königs vom alten Äthiopien Negus
0%
Tansania Die Insel Sansibar war einst weltweit der wichtigste Exporteur dieses Gewürzes Nelke
0%
Papua-Neuguinea Zweitgrößte Insel Neubritannien
0%
Mosambik Währung Neuer Metical
0%
Grenada Kommunistische Bewegung, die 1979 nach einem gewaltlosen Putsch an der Macht gelangte New {Jewel} Movement
0%
Malawi Ehemaliger Name von Malawi {Nyasa}land
0%
Chile Höchster Vulkan der Welt (6893 m Höhe) {Ojos} del Salado
0%
Ukraine Olympiasiegerin in Eiskunstlaufen 1994 Oksana Bajul
0%
Türkei Titel des Oberhaupts der Ost-Orthodoxen Kirche Ökumenischer Patriarch
0%
Litauen Nebst den Osterhasen, gibt es in Litauen ebenfalls eine Oster__, die Eier verteilt Oma
0%
Singapur Berühmte Einkaufsstraße, an deren einst Obstplantagen und Gewürze angebaut wurden {Orchard} Road
0%
Kirgisistan Zweitgrößte Stadt (Tipp: auf Deutsch vier Buchstaben) Osch
0%
Polen Gefüllte Doughnuts, die am letzten Donnerstag vor der Fastenzeit verspeist werden Pączki
0%
Ghana Unabhängigkeitsbewegung, die Kwame Nkrumah durchzusetzen half Panafrikanismus
0%
Laos Kommunistische Bewegung, die 1975 an der Macht gelang {Pathet} Lao
0%
Ruanda Staatschef seit 2000, oft als "wohlmeinender Diktator" angesehen Paul Kagame
0%
Estland Fünftgrößter See Europas, an der Ostgrenze Estlands {Peipus}see
0%
Philippinen Umgangssprachlicher Term für jemanden aus den Philippinen (Anfangsbuchstabe P) Pinoy
0%
Bolivien Vollständiger Name Boliviens {Plurinationaler} Staat von Bolivien
0%
Sri Lanka Ehemalige Hauptstadt mit zahlreichen Tempeln und Statuen, die einst eine der größten Städte der Welt war Polonnaruwa
0%
Bhutan Ehemalige Hauptstadt bis 1955 Punakha
0%
El Salvador Nationalgericht von El Salvador, eine gefüllte Tortilla Pupusa
0%
Pakistan Diese Stadt (beginnt mit Q) ist die Hauptstadt der Provinz Belutschistan Quetta
0%
Thailand 2016 verstorbener König, der 70 Jahre lang regierte Rama IX
0%
Estland Estland liegt an diesen beiden Meerbusen {Rigaischer} Meerbusen
0%
Nicaragua Fluss, der ein Großteil der oberen Grenze Nicaraguas ausmacht Río {Coco}
0%
Costa Rica Fluss, der ein Großteil der nördlichen Grenze ausmacht Río {San} {Juan}
0%
Lesotho Traditionnelle runde Hütte des Süden Afrikas (Anfangsbuchstabe R) Rondavel
0%
Madagaskar Nationalsport Madagaskars Rugby
0%
Afghanistan Dichter, der 1207 in der Stadt Balch geboren wurde und heute gemäss einiger Quellen der meistverkaufte Dichter in den USA ist Rumi
0%
Finnland Größter See (flächenmässig) Saimaa
0%
Vereinigte Arabische Emirate Drittgrößte Stadt Schardscha
0%
Aserbaidschan In Aserbaidschan befinden sich ca. 400 dieser "Vulkane", mehr als in allen anderen Ländern weltweit (es sind eigentlich keine richtigen Vulkane) {Schlamm}vulkane
0%
Rumänien Schloss, das fälschlicherweise als Wohnort Draculas anerkannt wird Schloss {Bran}
0%
Vereinigtes Königreich Längster Fluss Severn
0%
Irland Längster Fluss Shannon
0%
Malawi Längster Fluss Shire
0%
Kambodscha Südliche Küstenstadt, nach einem ehemaligen König benannt {Sihanouk}ville
0%
Lettland Serie von Bewegungen, die zur Unabhängigkeit Lettlands und seiner Nachbarn führte {Singende} Revolution {Singende} Revolution
0%
Slowenien Westlich Slowenien, "Primorska", wird ebenfalls unter diesem Namen bekannt Slowenisches {Küsten}land
0%
Kirgisistan Währung von Kirgisistan Som
0%
Usbekistan Währung von Usbekistan Som
0%
Norwegen Dreifache Olympia-Siegerin im Eiskunstlaufen Sonja Henie
0%
Dänemark Existentieller Philosoph Søren Kierkegaard
0%
Grenada Alternativer Name für das obige Fest {Spice}mas
0%
Marshallinseln Einheimisches Orientierungsmittel, dessen Prinzip auf den Bewegungen der Meereswellen beruht {Stab}karte
0%
Südkorea Gründer der "Vereinigungskirche", der 2012 starb Sun Myung {Moon}
0%
Niger Trockenregion der obigen Wüste, in der sich einst der isolierteste Baume der Erde befand Ténéré
0%
Venezuela "T" Wort, dass die Tafelberge von Südostvenezuela bezeichnet Tepui
0%
USA Nationalhymne The Star-Spangled Banner
0%
Irland Anderer Name für den Nordirland-Konfilkt The {Troubles}
0%
Burkina Faso 1987 ermordeter Revolutionär, bekannt als "afrikanischer" Che Guevara Thomas Sankara
0%
Usbekistan 1336 geborener Militärführer, dessen Eroberungen ca. 5% der Weltbevölkerung töteten Timur
0%
Indonesien Supervulkan, der vor 74'000 Jahren ausbrach und dabei beinahe das Aussterben der Menschheit verursachte Toba
0%
Kambodscha Größter See, dessen Volumen sich während der Regenzeit vervierfachen kann Tonle Sap
0%
Papua-Neuguinea Meerenge zwischen PNG und dem obigen Land {Torres}-Straße
0%
Jamaika Stadtteil der Hauptstadt, wo der Reaggae entstand {Trench}town
0%
Uruguay Allianz, die 1865 mit den Nachbarländern gegründet wurde {Tripel}-Allianz
0%
Paraguay Krieg, während dem Paraguay ein Drittel seiner Fläche, sowie ein Großteil seiner Bevölkerung verlor {Tripel}-Allianz-Krieg
0%
Rumänien Rumänischer Schriftsteller und einer der Gründer der künstlichen Bewegung des Dadaismus Tristan Tzara
0%
Guatemala Aktiver Vulkan, dessen Ausbruch von 2018 190 Tote verursachte Volcán de {Fuego}
0%
Ghana Afro-Amerikanischer Intellektueller, der nach Ghana auswanderte W.E.B. {Du} {Bois}
0%
Ukraine Ehemaliger Staatspräsident, 2005-10 Wiktor Juschtschenko
0%
Papua-Neuguinea Höchster Berg Mount {Wilhelm}
0%
Kirgisistan Großer Gebirgssee innerhalb von Kirgisistan {Yssyk}köl
0%
Ungarn Typisch Ungarische Schafrasse mit gedrehten Hörner, einheimisch als "Racka" bekannt {Zackel}schaf
0%
Keine übereinstimmenden Quizze gefunden
Verteilung der Resultate
Anzahl Personen mit jedem Resultat
Perzentil nach korrekt beantworteten Fragen
Ihre Resultats-Entwicklung
Sie haben dieses Quiz noch nicht gespielt